La Divina Gabriela

Gardado en:
Detalles Bibliográficos
Main Authors: Figueroa, Virgilio (Author), Virgilio Talquino (Author)
Formato: Libro
Idioma:Lingua castelá
Publicado: Santiago Imprenta El Esfuerzo 1933
Edición:1a. ed
Subjects:
Tags: Engadir etiqueta
Sen Etiquetas, Sexa o primeiro en etiquetar este rexistro!

MARC

LEADER 00000nam a2200000 a 4500
001 UCJ3439
003 CL-VaPUC
008 070124e19330000CL |||||||||||||||||spa|d
082 0 4 |a Ch861  |b FIG  |2 21 
100 0 |a Figueroa, Virgilio  |e author  |9 505292 
700 0 |a Virgilio Talquino  |e author  |9 505293 
245 1 3 |a La Divina Gabriela 
250 |a 1a. ed 
300 |a 318 p 
942 |c BK 
945 |d 20070124 00:00:00  |a rinostro 
260 |a Santiago  |b Imprenta El Esfuerzo  |c 1933 
500 |a En la cubierta posterior, retrato de la poetisa. Virgilio Figueroa escribió tambien bajo el pseudónimo Virgilio Talquino 
650 0 |a Biografías  |9 255210 
650 0 |a Crítica literaria   |9 269189 
650 0 |a Antologías  |9 309836 
650 0 |a Poesía chilena   |9 268403 
583 |a last modification  |c 20150114 10:21:26  |k Rodrigo Vera 
999 |c 319561  |d 319559 
952 |0 0  |1 0  |4 0  |6 CH_861_000000000000000_FIG_1933  |7 0  |8 X  |9 397908  |a FDOBUD  |b FDOBUD  |d 2019-11-22  |i 1003402  |o Ch861 FIG 1933  |p 1003402  |r 2019-11-22  |w 2019-11-22  |y BK_X  |k BUD